[Event "Croatian junior league 2021"]
[Site "Rabac"]
[Date "2021.04.08"]
[Round "5.13"]
[White "Mandaric, Fran"]
[Black "Troselj, Ivan"]
[Result "1/2-1/2"]
[WhiteElo "1684"]
[BlackElo "1962"]
[Annotator "ChessBase"]
[PlyCount "65"]
[EventDate "2021.04.06"]
[EventType "swiss"]
[EventCountry "CRO"]
[SourceTitle "playchess.com"]
[Source "ChessBase"]
[SourceQuality "1"]
[TimeControl "5400+30"]

1. e4 {[%emt 0:00:00]} c6 {[%emt 0:00:11]} 2. d4 {[%emt 0:00:00]} d5 {[%emt 0:00:05]} 3. Nc3 {[%emt 0:00:00]} dxe4 {[%emt 0:00:08]} 4. Nxe4 {[%emt 0:00:00]} Nf6 {[%emt 0:00:04]} 5. Nxf6+ {[%emt 0:00:00]} exf6 {[%emt 0:00:03]} 6. c3 {[%emt 0:00:09]} Bd6 {[%emt 0:00:05]} 7. Bd3 {[%emt 0:00:22]} O-O {[%emt 0:00:35]} 8. Qc2 {[%emt 0:00:17]} Re8+ {[%emt 0:00:37]} 9. Ne2 {[%emt 0:00:27]} h6 {[%emt 0:02:09]} 10. Bd2 {[%emt 0:00:43]} Bg4 {[%emt 0:01:03]} 11. f3 {[%emt 0:02:09]} Be6 {[%emt 0:00:30]} 12. c4 {[%emt 0:09:55]} Na6 {[%emt 0:06:29]} 13. O-O {[%emt 0:09:33]} Nb4 {[%emt 0:01:46]} 14. Bxb4 {[%emt 0:02:13]} Bxb4 {[%emt 0:00:03]} 15. a3 {[%emt 0:01:28]} Ba5 {[%emt 0:00:49]} 16. b4 {[%emt 0:05:01]} Bb6 {[%emt 0:00:28]} 17. c5 {[%emt 0:02:39]} Bc7 {[%emt 0:01:25]} 18. Rae1 {[%emt 0:11:10]} Qd7 {[%emt 0:07:43]} 19. Qd2 {[%emt 0:08:27]} Rad8 {[%emt 0:01:32]} 20. Kh1 {[%emt 0:04:11]} f5 {[%emt 0:05:33]} 21. Bb1 {[%emt 0:09:26]} Bc4 {[%emt 0:11:11]} 22. Rf2 {[%emt 0:03:46]} Be5 {[%emt 0:09:44]} 23. Rd1 {[%emt 0:03:07]} Bxd4 {[%emt 0:03:03]} 24. Bxf5 {[%emt 0:09:49]} Bxf2 {[%emt 0:22:49]} 25. Bxd7 {[%emt 0:03:36]} Rxe2 {[%emt 0:00:15]} 26. Qc3 {[%emt 0:03:20]} Be6 {[%emt 0:04:13]} 27. Qd3 {[%emt 0:03:04]} Ra2 {[%emt 0:00:09]} 28. Qb1 {[%emt 0:01:47]} Re2 {[%emt 0:01:16]} 29. Bxe6 {[%emt 0:00:44]} Rxd1+ {[%emt 0:00:57]} 30. Qxd1 {[%emt 0:00:05]} Re1+ {[%emt 0:00:04]} 31. Qxe1 {[%emt 0:00:05]} Bxe1 {[%emt 0:00:05]} 32. Bc8 {[%emt 0:00:13]} b6 {[%emt 0:00:07]} 33. Bb7 {[%emt 0:01:00]} 1/2-1/2

[Event "Croatian junior league 2021"]
[Site "Rabac"]
[Date "2021.04.08"]
[Round "5.14"]
[White "Birkic, Josip"]
[Black "Juric, Ester"]
[Result "1-0"]
[WhiteElo "1972"]
[BlackElo "1587"]
[Annotator "ChessBase"]
[PlyCount "55"]
[EventDate "2021.04.06"]
[EventType "swiss"]
[EventCountry "CRO"]
[SourceTitle "playchess.com"]
[Source "ChessBase"]
[SourceQuality "1"]
[TimeControl "5400+30"]

1. d4 {[%emt 0:07:11]} d5 {[%emt 0:00:00]} 2. c4 {[%emt 0:00:10]} e6 {[%emt 0:00:00]} 3. Nc3 {[%emt 0:00:07]} Be7 {[%emt 0:00:00]} 4. Nf3 {[%emt 0:00:10]} Nf6 {[%emt 0:00:00]} 5. Bf4 {[%emt 0:00:08]} a6 {[%emt 0:04:37]} 6. e3 {[%emt 0:03:53]} O-O {[%emt 0:01:26]} 7. Qc2 {[%emt 0:01:12]} dxc4 {[%emt 0:11:07]} 8. Bxc4 {[%emt 0:00:15]} c5 {[%emt 0:01:04]} 9. dxc5 {[%emt 0:03:20]} Bxc5 {[%emt 0:00:16]} 10. Rd1 {[%emt 0:00:40]} Qe8 {[%emt 0:02:55]} 11. O-O {[%emt 0:03:22]} Nbd7 {[%emt 0:03:10]} 12. Ne5 {[%emt 0:09:21]} Nxe5 {[%emt 0:06:10]} 13. Bxe5 {[%emt 0:00:29]} Nd7 {[%emt 0:00:24]} 14. Bg3 {[%emt 0:05:37]} b5 {[%emt 0:04:10]} 15. Bd3 {[%emt 0:01:00]} h6 {[%emt 0:00:12]} 16. Ne4 {[%emt 0:01:42]} Be7 {[%emt 0:00:34]} 17. Nd6 {[%emt 0:02:42]} Qd8 {[%emt 0:00:14]} 18. Be4 {[%emt 0:09:29]} Ra7 {[%emt 0:02:42]} 19. Rc1 {[%emt 0:03:17]} Bxd6 {[%emt 0:02:17]} 20. Bxd6 {[%emt 0:01:23]} Re8 {[%emt 0:00:01]} 21. Rfd1 {[%emt 0:01:14]} f5 {[%emt 0:10:57]} 22. Bf3 {[%emt 0:00:43]} Qf6 {[%emt 0:00:27]} 23. Bc6 {[%emt 0:07:16]} Rd8 {[%emt 0:03:28]} 24. e4 {[%emt 0:07:07]} Kh7 {[%emt 0:15:43]} 25. f4 {[%emt 0:04:12]} Qf7 {[%emt 0:03:41]} 26. e5 {[%emt 0:07:14]} Qg8 {[%emt 0:01:02]} 27. Qf2 {[%emt 0:00:26]} Nxe5 {[%emt 0:02:31]} 28. Qxa7 {[%emt 0:02:23]} 1-0

[Event "Croatian junior league 2021"]
[Site "Rabac"]
[Date "2021.04.08"]
[Round "5.15"]
[White "Markovic, Marko"]
[Black "Zekic, Patrik"]
[Result "0-1"]
[WhiteElo "2232"]
[BlackElo "1731"]
[Annotator "TA"]
[PlyCount "131"]
[EventDate "2021.04.06"]
[EventType "swiss"]
[EventCountry "CRO"]
[SourceTitle "playchess.com"]
[Source "ChessBase"]
[SourceQuality "1"]

{[%evp 13,131,23,31,9,16,29,29,25,24,21,31,27,32,12,16,15,13,15,14,8,9,0,0,0,26,0,0,0,0,0,0,0,0,-27,0,-20,0,-6,0,0,0,-22,-5,-39,0,-154,0,-33,0,-5,22,0,0,0,0,0,0,-26,68,16,45,8,14,0,0,0,0,0,0,0,20,22,24,26,29,22,62,58,118,109,180,152,133,62,184,184,197,210,388,396,372,380,777,591,789,789,782,772,764,757,742,722,699,410,381,261,316,316,316,308,316,301,343,359,323,324,482,482,495,484]} 1. d4 d5 2. c4 e6 3. Nc3 Nf6 4. Nf3 Be7 5. Bf4 c6 6. e3 Nbd7 7. h3 O-O 8. Be2 {D37: Queen's Gambit Declined: 5 Bf4.} b6 9. O-O Bb7 10. Rc1 {White has an edge.} Rc8 11. cxd5 exd5 12. a3 {[#]} c5 $146 ({Predecessor:} 12... Re8 13. Re1 Bf8 14. Bd3 c5 15. Qa4 a6 16. dxc5 Nxc5 {1-0 (27) Radytia,A-Deriyan Ferdiansyah,I ICCF email 2017}) 13. Nb5 a6 14. Nd6 Bxd6 15. Bxd6 Re8 16. dxc5 bxc5 17. Bd3 Qb6 18. Bf4 Bc6 19. b3 (19. b4 $5) 19... Bb5 20. a4 Bxd3 21. Qxd3 h6 22. Rfd1 Qb7 23. Nd2 Red8 24. Qe2 Qb6 25. Qf3 Qe6 26. Nb1 Ne4 27. Nc3 Ndf6 28. Qe2 Qb6 29. f3 $2 (29. Nxe4 $11 Nxe4 30. Rd3) 29... Ng5 $2 (29... Nxc3 $17 30. Rxc3 d4) 30. Rb1 Qe6 31. Qf2 Ngh7 32. Ne2 Nf8 33. b4 cxb4 34. Rxb4 Qe7 35. Rb6 Qa7 ({Black should try} 35... g5 $11) 36. Rb3 (36. a5 $14) 36... Rc4 37. a5 Qc5 38. Ra1 Ne6 39. Be5 $1 Nd7 40. Bd4 Nxd4 41. Nxd4 Rc1+ 42. Rxc1 Qxc1+ 43. Kh2 Qc7+ 44. Qg3 Qxg3+ 45. Kxg3 $11 {[%mdl 4096] Endgame KRN-KRN} Kf8 (45... Ne5 $14) 46. Rb7 Ke8 (46... g6 $16 {keeps fighting.}) 47. Ra7 Nc5 48. Nc6 (48. Rc7 $16 Nd3 49. Rc6) 48... Rc8 {This costs Black the game.} (48... Rd6 $14 49. Nb4 g5) 49. Nb4 $18 Nb3 50. Rxa6 ({But not} 50. Nxa6 $6 d4) 50... Rc5 $2 (50... d4 51. exd4 Nxd4) 51. Ra8+ Kd7 52. a6 {[%cal Ba5a6,Ba6a7][%mdl 32] [#] Black must now prevent a7.} d4 $2 (52... Rc8) 53. exd4 Nxd4 54. a7 Ra5 55. Rf8 Nf5+ 56. Kh2 Rxa7 57. Rxf7+ {[%mdl 64] [#] Double Attack} Ne7 58. Rxg7 Ke6 59. h4 Ra4 60. Rg4 Nf5 61. Re4+ Kd6 62. h5 Ng7 63. g4 Ne6 64. Kg3 Ra1 (64... Ng5 $142 65. Rc4 Ra3 66. Rc6+ Ke5 67. Rxh6 Rxf3+ 68. Kh4 Ne4) 65. Nc2 Rg1+ 66. Kf2 {[%mdl 32768] Weighted Error Value: White=0.31/Black=0.29. Sensor Board Error (Ke4/e5)?} 0-1

[Event "Croatian junior league 2021"]
[Site "Rabac"]
[Date "2021.04.08"]
[Round "5.16"]
[White "Novosel, Marko"]
[Black "Levacic, Matej"]
[Result "1-0"]
[WhiteElo "2130"]
[BlackElo "2144"]
[Annotator "TA"]
[PlyCount "73"]
[EventDate "2021.04.06"]
[EventType "swiss"]
[EventCountry "CRO"]
[SourceTitle "playchess.com"]
[Source "ChessBase"]
[SourceQuality "1"]

{[%evp 9,73,19,29,10,28,31,32,20,25,16,30,19,21,19,80,101,101,60,118,117,241,243,265,243,260,256,405,402,657,526,493,360,350,356,343,344,847,852,820,828,789,731,770,751,763,759,848,829,790,701,699,672,735,731,686,677,1211,1086,2052,1972,29969,29971,29969,29970,29980,852]} 1. e4 c6 2. d4 d5 3. e5 Bf5 4. Nf3 e6 5. Be2 Ne7 6. Nbd2 {B12: Caro-Kann: Advance Variation.} h6 7. Nb3 Nd7 8. O-O {White is slightly better.} Qc7 9. c3 g5 10. Bd2 Bg7 11. Ne1 {[#]} f6 $146 (11... O-O-O $11 {remains equal.}) ({Predecessor:} 11... O-O-O 12. Nc2 f6 13. exf6 Bxf6 14. Ne3 Kb8 15. Rc1 e5 16. Nxf5 Nxf5 17. Bg4 Nd6 {½-½ (129) Fedorchuk,S (2604)-Naderi,M (2242) Teheran 2019}) 12. Bh5+ $16 Kd8 13. f4 gxf4 ({Black should play} 13... b6 $14) 14. exf6 Bxf6 {Loses the game.} (14... Nxf6 $16 {was called for.} 15. Bxf4 Qc8) 15. Bxf4 $18 e5 16. Bg3 Rg8 17. Nd3 Rg5 (17... Rxg3 $142 18. hxg3 e4) 18. Ndc5 b6 {[#]} (18... Nxc5 $142 19. Nxc5 Qb6) 19. Rxf5 $1 {[%mdl 512] Ne6+ is the strong threat.} bxc5 20. Nxc5 Nxf5 21. Ne6+ {[%mdl 64] Double Attack} Kc8 {aiming for ...Qd6.} 22. Nxc7 Nxg3 $2 (22... Kxc7 23. Bf2 Rag8) 23. Nxa8 Nxh5 24. h4 Rf5 25. g4 Rf4 26. gxh5 Kb7 {[#]} 27. Qe2 $1 Re4 (27... Bxh4 28. Rf1) 28. Qf3 exd4 {[#]} 29. Qf5 $1 Re7 30. cxd4 Bxd4+ 31. Kh1 Kxa8 32. Qg6 Nf6 33. Rf1 Re4 34. Rxf6 Rxh4+ 35. Kg2 {White mates.} Bxf6 36. Qxf6 {[%mdl 64] Double Attack} Rxh5 37. Qf8+ {Weighted Error Value: White=0.20/Black=0.47} (37. Qxc6+ $142 Kb8 38. Qe8+ {[%mdl 64] Double Attack} Kc7 39. Qxh5 {[%mdl 64] Double Attack} a6 40. Qxd5 a5 41. Kf3 a4 42. Ke4) 1-0

[Event "Croatian junior league 2021"]
[Site "Rabac"]
[Date "2021.04.08"]
[Round "5.16"]
[White "Begic, Domagoj"]
[Black "Colev, Ivor"]
[Result "*"]
[WhiteElo "1706"]
[BlackElo "1847"]
[Annotator "NA"]
[PlyCount "47"]
[EventDate "2021.04.06"]
[EventType "swiss"]
[EventCountry "CRO"]
[SourceTitle "playchess.com"]
[Source "ChessBase"]
[SourceQuality "1"]
[TimeControl "5400+30"]

1. e4 {[%emt 0:00:00]} c6 {[%emt 0:02:01]} 2. d4 {[%emt 0:00:33]} d5 {[%emt 0:00:08]} 3. e5 {[%emt 0:00:10]} Bf5 {[%emt 0:00:07]} 4. Nf3 {[%emt 0:00:07]} e6 {[%emt 0:00:52]} 5. Be2 {[%emt 0:00:05]} Ne7 $11 {[%emt 0:00:23]} 6. Nbd2 {[%emt 0:00:38]} h6 {[%emt 0:00:46]} 7. Nb3 {[%emt 0:00:13]} Nd7 {[%emt 0:00:56]} 8. O-O {[%emt 0:00:21]} Qc7 {[%emt 0:02:54]} 9. c3 {[%emt 0:00:31]} g5 {[%emt 0:01:11]} 10. Bd2 {[%emt 0:00:28]} Bg7 {[%emt 0:18:35]} 11. Ne1 {[%emt 0:15:07]} f6 {[%emt 0:12:12]} 12. Bh5+ {[%emt 0:02:12]} Kd8 {[%emt 0:00:27]} 13. f4 {[%emt 0:01:52]} gxf4 {[%emt 0:10:06]} 14. exf6 {[%emt 0:00:41]} Bxf6 {[%emt 0:00:38]} 15. Bxf4 {[%emt 0:00:19]} e5 {[%emt 0:00:55]} 16. Bg3 {[%emt 0:01:17]} Rg8 {[%emt 0:02:28]} 17. Nd3 {[%emt 0:02:19]} Rg5 {[%emt 0:06:29]} 18. Ndc5 {[%emt 0:02:28]} b6 {[%emt 0:03:52]} 19. Rxf5 {[%emt 0:02:05]} bxc5 {[%emt 0:00:23]} 20. Nxc5 {[%emt 0:00:51]} Nxf5 {[%emt 0:03:34]} 21. Ne6+ {[%emt 0:00:18]} Kc8 {[%emt 0:00:03]} 22. Nxc7 {[%emt 0:00:12]} Nxg3 {[%emt 0:01:55]} 23. Nxa8 {[%emt 0:01:03]} Nxh5 {[%emt 0:00:05]} 24. h4 {[%emt 0:00:21]} *

[Event "Croatian junior league 2021"]
[Site "Rabac"]
[Date "2021.04.08"]
[Round "5.17"]
[White "Ljubicic, Mario"]
[Black "Klapac, Patrik"]
[Result "1-0"]
[WhiteElo "2036"]
[BlackElo "1780"]
[Annotator "TA"]
[PlyCount "49"]
[EventDate "2021.04.06"]
[EventType "swiss"]
[EventCountry "CRO"]
[SourceTitle "playchess.com"]
[Source "ChessBase"]
[SourceQuality "1"]

{[%evp 19,49,-10,0,-22,0,-28,-37,-35,2,-9,18,0,20,-6,33,47,60,63,52,0,120,81,74,70,158,149,523,520,1224,1231,29996,-408]} 1. e4 c5 2. Nf3 d6 3. d4 cxd4 4. Nxd4 Nf6 5. Nc3 a6 6. Bg5 e6 7. f4 Be7 8. Qf3 O-O 9. O-O-O Qc7 10. g4 {10.g4 is better than 10.Bd3.} b5 {[#]} 11. Kb1 $146 {B98: Sicilian Najdorf: 6 Bg5 e6 7 f4 Be7, sidelines.} ({Predecessor:} 11. Bxf6 Bxf6 12. g5 Bxd4 13. Rxd4 Nc6 14. Rd1 b4 15. Ne2 a5 16. Kb1 Ba6 17. Ng3 Rfc8 18. Bxa6 Rxa6 {0-1 (50) Ismagambetov,A (2538)-Nguyen,N (2620) Batumi 2018}) 11... Bb7 12. Bxf6 Bxf6 13. g5 {Black is slightly better.} Be7 (13... Bxd4 $5 14. Rxd4 Nc6 $11) 14. h4 Nc6 (14... b4 $5 {[%cal Rb4c3]} 15. Nce2 Nd7 $11) 15. Nce2 Rac8 {[#] ...Nxd4 is the strong threat.} 16. Rh2 Nxd4 17. Nxd4 d5 18. e5 Bc5 19. g6 (19. h5 $14) 19... hxg6 (19... Bxd4 $11 20. Rxd4 fxg6) 20. Qg4 Bxd4 21. Rxd4 Qb6 ({Black should play} 21... f6 $14) 22. Rd1 $16 Qc6 $2 {[%mdl 8192]} (22... f5 $16 23. Qxg6 Rc7) 23. h5 $18 d4 (23... f5 $142 24. exf6 (24. Qxg6 Rc7 $16) 24... Rxf6 25. hxg6 Kf8) 24. hxg6 Qf3 {[#]} 25. Rh8+ $1 {[%mdl 33344] Decoy.  Weighted Error Value: White=0.18/Black=1.09. Loss on time!?} 1-0

[Event "Croatian junior league 2021"]
[Site "Rabac"]
[Date "2021.04.08"]
[Round "5.18"]
[White "Jakovic, Roko"]
[Black "Mijic, Karlo"]
[Result "0-1"]
[WhiteElo "1846"]
[BlackElo "1599"]
[Annotator "NA"]
[PlyCount "206"]
[EventDate "2021.04.06"]
[EventType "swiss"]
[EventCountry "CRO"]
[SourceTitle "playchess.com"]
[Source "ChessBase"]
[SourceQuality "1"]
[TimeControl "5400+30"]

1. d4 {[%emt 0:00:00]} Nf6 {[%emt 0:01:39]} 2. c4 {[%emt 0:00:00]} e6 {[%emt 0:00:05]} 3. Nc3 {[%emt 0:00:00]} Bb4 {[%emt 0:00:05]} 4. g3 {[%emt 0:00:00]} O-O {[%emt 0:00:10]} 5. Bg2 {[%emt 0:00:06]} Bxc3+ {[%emt 0:00:09]} 6. bxc3 {[%emt 0:00:08]} d6 {[%emt 0:00:05]} 7. Nf3 {[%emt 0:03:15]} Nc6 {[%emt 0:00:24]} 8. O-O {[%emt 0:01:12]} Rb8 {[%emt 0:01:53]} 9. Rb1 {[%emt 0:06:02]} Na5 {[%emt 0:00:25]} 10. Qd3 {[%emt 0:00:40]} b6 {[%emt 0:01:40]} 11. Bg5 {[%emt 0:04:09]} Ba6 {[%emt 0:00:56]} 12. Nd2 {[%emt 0:02:49]} h6 {[%emt 0:00:10]} 13. Bxf6 {[%emt 0:02:57]} Qxf6 $17 {[%emt 0:00:11]} 14. e4 {[%emt 0:06:02]} Qe7 {[%emt 0:03:38]} 15. Rfe1 {[%emt 0:01:53]} e5 {[%emt 0:00:06]} 16. Bf1 {[%emt 0:07:14]} Qe6 {[%emt 0:04:40]} 17. f4 {[%emt 0:09:50]} Rbd8 {[%emt 0:01:12]} 18. f5 {[%emt 0:02:04]} Qf6 {[%emt 0:00:57]} 19. d5 {[%emt 0:00:36]} g6 {[%emt 0:01:04]} 20. Qf3 {[%emt 0:05:42]} Kg7 {[%emt 0:01:42]} 21. Bd3 {[%emt 0:02:59]} Qg5 {[%emt 0:00:49]} 22. Rb2 {[%emt 0:01:42]} h5 {[%emt 0:00:27]} 23. h4 {[%emt 0:01:43]} Qh6 {[%emt 0:01:31]} 24. Kh2 {[%emt 0:05:17]} g5 {[%emt 0:02:10]} 25. f6+ {[%emt 0:14:17]} Qxf6 {[%emt 0:10:22]} 26. Qxf6+ {[%emt 0:00:14]} Kxf6 {[%emt 0:00:07]} 27. Rf1+ {[%emt 0:00:34]} Kg6 {[%emt 0:00:11]} 28. hxg5 {[%emt 0:00:14]} Kxg5 {[%emt 0:05:17]} 29. Rf5+ {[%emt 0:00:13]} Kg6 {[%emt 0:00:59]} 30. Be2 {[%emt 0:00:43]} Rh8 {[%emt 0:00:44]} 31. Rb1 {[%emt 0:00:47]} Bc8 {[%emt 0:00:23]} 32. Rf2 {[%emt 0:00:45]} Rdf8 {[%emt 0:04:50]} 33. Rbf1 {[%emt 0:00:54]} f6 {[%emt 0:01:10]} 34. Nf3 {[%emt 0:01:41]} Nb7 {[%emt 0:03:03]} 35. Nh4+ {[%emt 0:02:21]} Kg5 {[%emt 0:00:40]} 36. Nf3+ {[%emt 0:02:41]} Kg6 {[%emt 0:02:23]} 37. Nh4+ {[%emt 0:00:05]} Kg7 {[%emt 0:00:16]} 38. Bd1 {[%emt 0:01:07]} Nc5 {[%emt 0:00:13]} 39. Bc2 {[%emt 0:00:04]} Bg4 {[%emt 0:05:30]} 40. a3 {[%emt 0:00:51]} Rh6 {[%emt 0:00:18]} 41. Kg2 {[%emt 0:02:47]} Kf7 {[%emt 0:02:22]} 42. Kh2 {[%emt 0:00:58]} Bd7 {[%emt 0:01:44]} 43. Nf5 {[%emt 0:00:31]} Bxf5 {[%emt 0:00:08]} 44. Rxf5 {[%emt 0:00:05]} Rg8 {[%emt 0:00:47]} 45. Kh3 {[%emt 0:00:27]} Rg4 {[%emt 0:00:42]} 46. Rxh5 {[%emt 0:01:54]} Rxg3+ {[%emt 0:00:32]} 47. Kxg3 {[%emt 0:00:25]} Rxh5 {[%emt 0:00:05]} 48. Rf2 {[%emt 0:01:43]} Rh1 {[%emt 0:00:54]} 49. Rh2 {[%emt 0:01:56]} Rc1 {[%emt 0:00:33]} 50. Kf3 {[%emt 0:02:21]} Ra1 {[%emt 0:01:38]} 51. Rh7+ {[%emt 0:02:53]} Ke8 {[%emt 0:00:04]} 52. Rxc7 {[%emt 0:00:19]} Rxa3 {[%emt 0:00:04]} 53. Ke2 {[%emt 0:00:33]} Rxc3 {[%emt 0:00:45]} 54. Kd2 {[%emt 0:01:08]} Rxc4 {[%emt 0:00:33]} 55. Rxa7 {[%emt 0:00:39]} Nxe4+ {[%emt 0:00:30]} 56. Kd3 {[%emt 0:00:24]} Rd4+ {[%emt 0:00:15]} 57. Ke3 {[%emt 0:00:05]} Nc5 {[%emt 0:00:28]} 58. Bg6+ {[%emt 0:00:31]} Kd8 {[%emt 0:00:28]} 59. Bf7 {[%emt 0:00:10]} f5 {[%emt 0:00:26]} 60. Ra8+ {[%emt 0:01:00]} Ke7 {[%emt 0:00:13]} 61. Bg8 {[%emt 0:00:04]} Rg4 {[%emt 0:01:06]} 62. Bh7 {[%emt 0:00:33]} f4+ {[%emt 0:00:33]} 63. Ke2 {[%emt 0:00:11]} e4 {[%emt 0:01:43]} 64. Rb8 {[%emt 0:00:12]} Rg2+ {[%emt 0:00:06]} 65. Kf1 {[%emt 0:00:03]} Rb2 {[%emt 0:00:05]} 66. Rg8 {[%emt 0:00:37]} Kf6 {[%emt 0:00:42]} 67. Re8 {[%emt 0:00:35]} f3 {[%emt 0:03:12]} 68. Bxe4 {[%emt 0:01:46]} Re2 {[%emt 0:00:07]} 69. Rf8+ {[%emt 0:00:05]} Kg7 {[%emt 0:00:07]} 70. Bxf3 {[%emt 0:00:05]} Kxf8 {[%emt 0:00:51]} 71. Kxe2 {[%emt 0:00:47]} Ke7 {[%emt 0:00:37]} 72. Ke3 {[%emt 0:02:49]} Kf6 {[%emt 0:00:10]} 73. Kd4 {[%emt 0:00:22]} Na6 {[%emt 0:00:05]} 74. Bg4 {[%emt 0:01:28]} Kg5 {[%emt 0:00:38]} 75. Bd7 {[%emt 0:00:15]} Kf4 {[%emt 0:00:13]} 76. Bb5 {[%emt 0:00:55]} Nc7 {[%emt 0:00:07]} 77. Bc6 {[%emt 0:00:30]} Kf3 {[%emt 0:00:31]} 78. Bd7 {[%emt 0:00:38]} Ke2 {[%emt 0:00:09]} 79. Bc6 {[%emt 0:00:58]} Kd2 {[%emt 0:00:10]} 80. Bd7 {[%emt 0:00:39]} b5 {[%emt 0:00:56]} 81. Bf5 {[%emt 0:01:12]} Kc1 {[%emt 0:00:55]} 82. Be4 {[%emt 0:00:57]} Kb2 {[%emt 0:00:08]} 83. Kd3 {[%emt 0:00:34]} b4 {[%emt 0:00:32]} 84. Kc4 {[%emt 0:00:22]} b3 {[%emt 0:00:05]} 85. Kb4 {[%emt 0:00:35]} Ka2 {[%emt 0:00:14]} 86. Ka5 {[%emt 0:00:27]} b2 {[%emt 0:02:31]} 87. Kb6 {[%emt 0:00:11]} Ne8 {[%emt 0:00:04]} 88. Kc6 {[%emt 0:00:18]} Kb3 {[%emt 0:00:32]} 89. Bb1 {[%emt 0:01:06]} Kc4 {[%emt 0:00:33]} 90. Ba2+ {[%emt 0:00:33]} Kd4 {[%emt 0:00:06]} 91. Bb1 {[%emt 0:00:28]} Ke5 {[%emt 0:01:33]} 92. Kb5 {[%emt 0:00:32]} Nf6 {[%emt 0:02:28]} 93. Kb4 {[%emt 0:00:29]} Ne4 {[%emt 0:00:04]} 94. Ka3 {[%emt 0:00:32]} Nd2 {[%emt 0:00:08]} 95. Kxb2 {[%emt 0:00:21]} Nxb1 {[%emt 0:00:04]} 96. Kxb1 {[%emt 0:00:01]} Kxd5 {[%emt 0:00:07]} 97. Kc1 {[%emt 0:00:37]} Ke4 {[%emt 0:00:08]} 98. Kd2 {[%emt 0:00:08]} Kd4 {[%emt 0:00:04]} 99. Ke2 {[%emt 0:00:55]} Kc3 {[%emt 0:00:06]} 100. Kd1 {[%emt 0:00:16]} Kd3 {[%emt 0:00:04]} 101. Ke1 {[%emt 0:00:07]} d5 {[%emt 0:00:06]} 102. Kd1 {[%emt 0:00:06]} d4 {[%emt 0:00:06]} 103. Kc1 {[%emt 0:00:04]} Ke2 {[%emt 0:00:19]} 0-1

[Event "Croatian junior league 2021"]
[Site "Rabac"]
[Date "2021.04.08"]
[Round "5.19"]
[White "Bedic, Noemi"]
[Black "Veverec, Ivo"]
[Result "1/2-1/2"]
[WhiteElo "1587"]
[BlackElo "1786"]
[Annotator "NA"]
[PlyCount "120"]
[EventDate "2021.04.06"]
[EventType "swiss"]
[EventCountry "CRO"]
[SourceTitle "playchess.com"]
[Source "ChessBase"]
[SourceQuality "1"]
[TimeControl "5400+30"]

1. e4 {[%emt 0:01:44]} g6 {[%emt 0:00:51]} 2. d4 {[%emt 0:00:12]} Bg7 {[%emt 0:00:03]} 3. Nc3 {[%emt 0:00:54]} d6 {[%emt 0:00:09]} 4. Be3 {[%emt 0:00:30]} a6 {[%emt 0:00:47]} 5. Qd2 {[%emt 0:01:44]} b5 {[%emt 0:02:35]} 6. Nge2 {[%emt 0:02:32]} Bb7 {[%emt 0:00:15]} 7. f3 {[%emt 0:00:09]} Nd7 {[%emt 0:00:10]} 8. g4 {[%emt 0:00:37]} c5 {[%emt 0:00:59]} 9. h4 {[%emt 0:03:15]} h6 {[%emt 0:05:06]} 10. Ng3 {[%emt 0:04:29]} Ngf6 {[%emt 0:06:58]} 11. Nd1 {[%emt 0:06:59]} Qc7 {[%emt 0:16:30]} 12. Nf2 {[%emt 0:02:03]} h5 {[%emt 0:15:52]} 13. Be2 {[%emt 0:04:07]} hxg4 {[%emt 0:19:05]} 14. fxg4 {[%emt 0:00:41]} cxd4 {[%emt 0:00:47]} 15. Bxd4 {[%emt 0:00:20]} e5 {[%emt 0:00:57]} 16. Be3 {[%emt 0:01:15]} d5 {[%emt 0:00:52]} 17. exd5 {[%emt 0:04:41]} Nxd5 {[%emt 0:00:32]} 18. Bf3 {[%emt 0:04:10]} Nxe3 {[%emt 0:02:01]} 19. Qxe3 {[%emt 0:00:55]} O-O-O {[%emt 0:03:01]} 20. Bxb7+ {[%emt 0:00:24]} Qxb7 {[%emt 0:00:22]} 21. O-O-O {[%emt 0:02:49]} Kb8 {[%emt 0:02:48]} 22. Kb1 {[%emt 0:00:42]} Nb6 {[%emt 0:00:43]} 23. Nge4 {[%emt 0:04:52]} Nc4 {[%emt 0:02:45]} 24. Qg5 {[%emt 0:04:35]} Rc8 {[%emt 0:07:27]} 25. Nd6 {[%emt 0:09:30]} Nxd6 {[%emt 0:00:54]} 26. Rxd6 {[%emt 0:00:08]} Qc7 {[%emt 0:01:50]} 27. Qd2 {[%emt 0:00:52]} Rhd8 {[%emt 0:01:19]} 28. Rxd8 {[%emt 0:03:28]} Rxd8 {[%emt 0:00:03]} 29. Qg5 {[%emt 0:01:03]} Rc8 {[%emt 0:01:48]} 30. c3 {[%emt 0:00:16]} b4 {[%emt 0:02:20]} 31. Rc1 {[%emt 0:02:16]} bxc3 {[%emt 0:00:39]} 32. Rxc3 {[%emt 0:00:35]} Qd7 {[%emt 0:01:08]} 33. Rb3+ {[%emt 0:01:26]} Ka8 {[%emt 0:00:50]} 34. h5 {[%emt 0:01:15]} Qe6 {[%emt 0:01:57]} 35. h6 {[%emt 0:01:43]} Bf6 {[%emt 0:00:39]} 36. Qe3 {[%emt 0:00:16]} Rc6 {[%emt 0:00:09]} 37. g5 {[%emt 0:02:10]} Bh8 {[%emt 0:00:47]} 38. Qe4 {[%emt 0:03:49]} Qc4 {[%emt 0:01:41]} 39. Qxc4 {[%emt 0:00:14]} Rxc4 {[%emt 0:00:04]} 40. Rd3 {[%emt 0:00:49]} Rd4 {[%emt 0:00:07]} 41. Kc2 {[%emt 0:03:02]} f6 {[%emt 0:00:20]} 42. Rxd4 {[%emt 0:03:08]} exd4 {[%emt 0:00:06]} 43. gxf6 {[%emt 0:00:29]} Bxf6 {[%emt 0:00:07]} 44. Ne4 {[%emt 0:00:10]} Be5 {[%emt 0:00:14]} 45. h7 {[%emt 0:00:34]} Ka7 {[%emt 0:01:03]} 46. Ng5 {[%emt 0:00:19]} Kb6 {[%emt 0:00:26]} 47. Nf7 {[%emt 0:00:17]} Bg7 {[%emt 0:00:17]} 48. h8=Q {[%emt 0:00:06]} Bxh8 {[%emt 0:00:17]} 49. Nxh8 {[%emt 0:00:08]} g5 {[%emt 0:00:03]} 50. Ng6 {[%emt 0:00:06]} Kc5 {[%emt 0:00:16]} 51. Ne5 {[%emt 0:00:16]} Kd5 {[%emt 0:00:11]} 52. Ng4 {[%emt 0:00:14]} Ke4 {[%emt 0:00:19]} 53. a4 {[%emt 0:02:00]} Kf4 {[%emt 0:00:53]} 54. Nh6 {[%emt 0:01:20]} Ke4 {[%emt 0:00:48]} 55. Ng8 {[%emt 0:04:53]} Ke5 {[%emt 0:02:44]} 56. Nh6 {[%emt 0:01:07]} Ke4 {[%emt 0:00:18]} 57. Ng4 {[%emt 0:00:34]} Kf4 {[%emt 0:00:09]} 58. Nf2 {[%emt 0:01:18]} Ke3 {[%emt 0:01:58]} 59. Ng4+ {[%emt 0:00:46]} Kf4 {[%emt 0:00:00]} 60. Nh6 {[%emt 0:02:44]} Ke4 {[%emt 0:00:28]} 1/2-1/2